Paradise lost and other poems
Zapisane w:
| 1. autor: | |
|---|---|
| Format: | Książka |
| Język: | Undetermined |
| Wydane: |
[Lugar de publicación no identificado]
Mentor Book
1961
|
| Hasła przedmiotowe: | |
| Etykiety: |
Dodaj etykietę
Nie ma etykietki, Dołącz pierwszą etykiete!
|
MARC
| LEADER | 00000nam a2200000Ia 4500 | ||
|---|---|---|---|
| 008 | 170316s9999 xx 000 0 und d | ||
| 040 | |a cru BVZT | ||
| 090 | |a 820 M-19p | ||
| 100 | |a Milton, John | ||
| 245 | |a Paradise lost and other poems | ||
| 260 | |a [Lugar de publicación no identificado] | ||
| 260 | |b Mentor Book | ||
| 260 | |c 1961 | ||
| 300 | |a 416 páginas | ||
| 650 | |a LITERATURA INGLESA | ||
| 942 | 0 | 0 | |0 3 |
| 999 | |c 7019 |d 7019 | ||
